|
|
|
|
| LEADER |
00000nab a2200000 a 4500 |
| 001 |
vtls009285007 |
| 003 |
SK-MaSNL |
| 005 |
20260304153449.0 |
| 008 |
250506c2007 xo |||| | | 000 b|slo |
| 015 |
|
|
|a SNBRB2008/04
|2 snkbucl
|
| 035 |
|
|
|a (uuid)b57f4f92-325b-4ba9-880b-79f2a9232e05
|
| 035 |
|
|
|a urn:nbn:sk:snk-ab9abx
|
| 035 |
|
|
|a (urnnbn)urn:nbn:sk:snk:ar-a084go
|
| 038 |
|
|
|a SNKBUCL
|
| 040 |
|
|
|a SNKBUCL
|b slo
|c SNKBUCL
|e AACR2
|
| 041 |
0 |
|
|a slo
|
| 044 |
|
|
|a xo
|c SK
|
| 080 |
|
|
|a 81`373.7
|2 1997
|
| 100 |
1 |
|
|a Skladaná, Jana,
|d 1942-
|4 aut
|9 103459
|
| 245 |
1 |
0 |
|a Strkať hlavu do piesku ako pštros
|c Jana Skladaná
|
| 300 |
|
|
|b Fotogr.
|
| 650 |
0 |
7 |
|a frazeológia
|2 snkbucl
|9 1507
|
| 773 |
0 |
|
|t História
|g Roč. 7, č. 5 (2007), s. 44
|x 1335-8316
|
| 850 |
|
|
|a Slovenská národná knižnica
|
| 852 |
|
|
|a Slovenská národná knižnica
|
| 954 |
|
|
|a odborná, vedecká literatúra pôvodná (slovenská)
|2 lita
|
| 958 |
|
|
|a article13
|
| 958 |
|
|
|a OND
|
| 958 |
|
|
|a EUIPO
|
| 999 |
|
|
|c 2953813
|d 2955743
|